Medical pharmacology & therapeutics / (Record no. 5850)

MARC details
000 -LEADER
fixed length control field 00919nam a22002777a 4500
003 - CONTROL NUMBER IDENTIFIER
control field OSt
005 - DATE AND TIME OF LATEST TRANSACTION
control field 20250319011504.0
008 - FIXED-LENGTH DATA ELEMENTS--GENERAL INFORMATION
fixed length control field 250318t2018 |||a|||| |||| 001 | eng d
020 ## - INTERNATIONAL STANDARD BOOK NUMBER
International Standard Book Number 978-0-7020-7167-6
040 ## - CATALOGING SOURCE
Transcribing agency JMCFI - Learning Resource Center
082 ## - DEWEY DECIMAL CLASSIFICATION NUMBER
Classification number MAHL/Phrma 615.1 W198 2018
100 ## - MAIN ENTRY--PERSONAL NAME
Personal name Waller, Derek G
9 (RLIN) 18041
245 ## - TITLE STATEMENT
Title Medical pharmacology & therapeutics /
Statement of responsibility, etc. Derek G. Waller and Anthony P. Sampson.
250 ## - EDITION STATEMENT
Edition statement Fifth edition.
260 ## - PUBLICATION, DISTRIBUTION, ETC.
Place of publication, distribution, etc. Edinburgh :
Name of publisher, distributor, etc. Elsevier ,
Date of publication, distribution, etc. 2018.
300 ## - PHYSICAL DESCRIPTION
Extent ix, 727 pages :
Other physical details colored, illus. ;
Dimensions 26 cm
500 ## - GENERAL NOTE
General note Includes indexes.
650 ## - SUBJECT ADDED ENTRY--TOPICAL TERM
Topical term or geographic name entry element Pharmacology.
9 (RLIN) 6617
650 ## - SUBJECT ADDED ENTRY--TOPICAL TERM
Topical term or geographic name entry element Chemotherapy.
9 (RLIN) 18042
650 ## - SUBJECT ADDED ENTRY--TOPICAL TERM
Topical term or geographic name entry element Drug therapy.
9 (RLIN) 6651
650 ## - SUBJECT ADDED ENTRY--TOPICAL TERM
Topical term or geographic name entry element Clinical pharmacology.
9 (RLIN) 6618
650 ## - SUBJECT ADDED ENTRY--TOPICAL TERM
Topical term or geographic name entry element Pharmaceutical preparations.
9 (RLIN) 6650
650 ## - SUBJECT ADDED ENTRY--TOPICAL TERM
Topical term or geographic name entry element Pharmaceutical phenomena.
9 (RLIN) 18043
700 ## - ADDED ENTRY--PERSONAL NAME
Personal name Sampson, Anthony P
9 (RLIN) 18044
942 ## - ADDED ENTRY ELEMENTS (KOHA)
Source of classification or shelving scheme Dewey Decimal Classification
Koha item type Books
Edition Fifth edition
Suppress in OPAC No
Holdings
Withdrawn status Lost status Source of classification or shelving scheme Damaged status Not for loan Home library Current library Shelving location Date acquired Total Checkouts Full call number Barcode Date last seen Price effective from Koha item type
    Dewey Decimal Classification     LRC - Medical and Allied Health LRC - Medical and Allied Health MAHL - Pharmacy 08/18/2023   MAHL/Phrma 615.1 W198 2018 MAHL00000572 03/18/2025 03/18/2025 Books